Vista normal
Vista MARC
Entrada Nombre geográfico
Número de registros utilizados en: 1
001 - NÚMERO DE CONTROL
- campo de control: 53421
003 - IDENTIFICADOR DEL NÚMERO DE CONTROL
- campo de control: OSt
005 - FECHA Y HORA DE LA ÚLTIMA TRANSACCIÓN
- campo de control: 20200615034526.0
008 - DATOS DE LONGITUD FIJA
- campo de control de longitud fija: 200615|| aca||aabn | a|a d
040 ## - FUENTE DE LA CATALOGACIÓN
- Centro catalogador/agencia de origen: OSt
- Centro/agencia transcriptor: OSt
151 ## - ENCABEZAMIENTO--NOMBRE GEOGRÁFICO
- Nombre geográfico: REPÚBLICA DOMINICANA
- Subdivisión general: CONDICIONES ECONÓMICAS
- Subdivisión cronológica: 2007
670 ## - FUENTE DE DATOS ENCONTRADOS
- Cita de la fuente: Work cat.: (OSt)25881: Análisis del desempeño económico y social de la República Dominicana enero - junio 2007 /, 2008.
